000 00408nam a2200145Ia 4500
008 231129s1985||||xx |||||||||||||| ||spa||
020 _a84-7530-979-8
040 _bspa
082 _a323.44 M645s
100 _aMill John Stuart
245 0 _aSobre la libertad: Capitulos sobre el socialismo y otros escritos
260 _c1985
264 _aOrbis
942 _2ddc
_cBKS
999 _c24723
_d24723